000
00296nam a2200109Ia 4500
008
230907s9999||||xx |||||||||||||| ||und||
082
_a
629.4753,MAI
100
_a
Maidana, O. Carlos.
_9
115135
245
0
_a
Thermo-magnetic systems for space nuclear reactors/
300
_a
x, 53 p.:
942
_c
BK
999
_c
597675
_d
597675